banner-ar

قصر الكلام / (Record no. 62600)

MARC details
000 -الفاتح
حقل البيانات ثابتة الطول 00705nam a22002177a 4500
005 - وقت وتاريخ اخر تعامل مع التسجيلة
رقم الضبط 20240530110558.0
008 - عناصر البيانات ثابتة الطول - معلومات عامة
حقل البيانات ثابتة الطول 160326s2013 ua a g 000 0aara d
017 ## - رقم الايداع القانونى
رقم الايداع القانونى 2012/16676
المصدر ( الهيئة المختصة) مصر . دار الكتب المصرية
020 ## - الرقم الدولى المعيارى للكتب
الرقم الدولى المعيارى للكتاب 9789770931608
040 ## - مصدر الفهرسة
وكالة الفهرسة الأصلية EG-CaGPL
082 04 - رقم تصنيف ديوى العشرى
رقم الطبعة 21
رقم التصنيف 962.08
رقم المادة ق/ج ق
100 0# - المدخل الرئيسى - إسم شخصى
الإسم الشخصى جلال عامر .
245 10 - بيان العنوان
العنوان قصر الكلام /
بيان المسئوليه,etc جلال عامر .
250 ## - بيان الطبعة
بيان الطبعة ط3.
260 ## - PUBLICATION, DISTRIBUTION, ETC. (IMPRINT)
تاريخ النشر أو التوزيع 2013 .
300 ## - الوصف المادى
التعداد 408 ص ؛
أبعاد الوعاء 24 سم .
600 0# - المدخل الاضافى بالموضوع-اسم شخصى
الإسم الشخصى جلال عامر
التقسيم الفرعي الشكلي مذكرات .
651 04 - المدخل الاضافى بالموضوع - اسم جغرافى
الاسم الجغرافي مصر
التقسيم الفرعي العام الاحوال السياسية .
942 ## - عناصر المدخل الإضافي( كوها)
مصدر التصنيف او مخطط الترفيف Dewey Decimal Classification
Koha [default] item type كتاب
260 ## - PUBLICATION, DISTRIBUTION, ETC. (IMPRINT)
-- القاهرة :
-- دار الشروق ،
Holdings
حالة التراجع حالة الفقد حالة تلف ليس للاعارة المكان المؤقت الموقع الحالى تاريخ الاكتساب اجمالي اﻻعارات رقم الطلب الباركود تاريخ اخر مشاهدة تاريخ تفعيل السعر نوع وعاء كوها
        مكتبة القاهرة الكبرى مكتبة القاهرة الكبرى 08/31/2016   962.08 ق/ج ق 162372 08/31/2016 08/31/2016 كتاب

Powered By

EGPV